| 000 | 01259nac a22003011i 4500 | ||
|---|---|---|---|
| 003 | EG-ScBUE | ||
| 005 | 20250515095524.0 | ||
| 008 | 250325s2004 ii a f 001 0 eng d | ||
| 020 | _a0070589526 | ||
| 020 | _a9780070589520 | ||
| 040 |
_aEG-ScBUE _beng _erda _cEG-ScBUE _dEG-ScBUE |
||
| 082 | 0 | 4 |
_a530 _bHAL _222 |
| 100 | 1 |
_aHalpern, Alvin, _eauthor. |
|
| 245 | 1 | 0 |
_aSchaum’s outline of theory and problems of beginning physics II : _bwaves, electromagnetism, optics, and modern physics / _cAlvin Halpern, Ph.D., professor of physics, Brooklyn College, City University of New York, Erich Erlbach, professor emertus of physics, City College, City University of New York. |
| 246 | 3 | 0 |
_aTheory and problems of beginning physics II : _bwaves, electromagnetism, optics, and modern physics |
| 250 | _aTata McGraw-Hill edition. | ||
| 264 | 1 |
_aNew Delhi : _bTata McGraw-Hill Publishing Company Limited, _c2004. |
|
| 300 |
_a532 pages : _billustrations ; _c28 cm. |
||
| 336 |
_2rdacontent _atext _btxt |
||
| 337 |
_aunmediated _2rdamedia _bn |
||
| 338 |
_avolume _bnc _2rdacarrier |
||
| 490 | 0 | _aSchaum’s outlines | |
| 500 | _aIncludes index. | ||
| 650 | 7 |
_aPhysics. _2BUEsh |
|
| 655 | _vReading book | ||
| 700 | 1 |
_aErlbach, Erich, _eauthor. |
|
| 942 |
_cBB _2ddc |
||
| 999 |
_c136 _d136 |
||